000 00447nam a2200145Ia 4500
008 200302s9999 xx 000 0 und d
020 _a9780323569293
100 _aKowalczyk, Nina
245 _cNina Kowalczy.--
_aRadiographic pathology :
_bfor technologists /
250 _a7th
260 _aMissouri:
_bElsevier
_c2018
300 _aix, 461 pages :
_bcolored illustrations;
650 _a Diagnosis, Radioscopic.
650 _aDiagnostic imaging.
999 _c363061
_d363061